000
002720000a22000970004500
100
1
_a
Borgen, Peder
245
1
0
_a
C. Kingsley Barrett : A tribute on his eightieth birthday
300
_a
Vol. 39, Num. 3 (Julio, 1997), Página 209
773
0
_t
Novum Testamentum
942
_c
ANA
999
_c
56984
_d
56984